| 000 | 00591cam a2200205ua 4500 | ||
|---|---|---|---|
| 001 | 11343 | ||
| 005 | 20260515114736.0 | ||
| 008 | 190913n ii |||gr||||Z||||||asm | ||
| 020 | _a9789384589998 | ||
| 040 | _cMAIN | ||
| 082 | _a891.4511 | ||
| 100 |
_aManjyotsna Mahanta Goswami, _eEditor., |
||
| 245 |
_aKeshav Mahantar geet samagra _cEdited by Manjyotsna Mahanta Goswami |
||
| 250 | _a1st ed. | ||
| 260 |
_aGuawahati: _bUnion Book publication, _c2017. |
||
| 300 | _a589p. | ||
| 653 | _aEast Indo-European & Celtic literatures | ||
| 653 | _aCollection of Assamese Songs | ||
| 942 | _cBK | ||
| 999 |
_c10175 _d10175 |
||